[Event "4NCL Division 2b"]
[Site "Hinckley Island ENG"]
[Date "2013.11.16"]
[Round "1.51"]
[White "Hackner, Oskar A"]
[Black "Cooper, John G"]
[Result "0-1"]
[WhiteElo "2094"]
[BlackElo "2331"]
[PlyCount "126"]
[EventDate "2013.11.16"]
[WhiteTeam "Bradford DCA Knights A"]
[BlackTeam "South Wales Dragons"]

1. d4 e6 2. c4 Bb4+ 3. Nd2 Nf6 4. a3 Be7 5. e4 d5 6. cxd5 exd5 7. e5 Nfd7 8. f4
c5 9. Ngf3 Nc6 10. dxc5 a5 11. Nb3 O-O 12. Be3 a4 13. Nbd4 Nxc5 14. Bb5 Qb6 15.
Qe2 Bg4 16. Rc1 Nxd4 17. Bxd4 Bxf3 18. gxf3 Ra5 19. Bd3 Qh6 20. Be3 Qh4+ 21.
Kd1 Qh3 22. Bb1 d4 23. Bd2 Raa8 24. Rg1 Qe6 25. f5 Qb3+ 26. Bc2 d3 27. Bxb3
dxe2+ 28. Kxe2 Nxb3 29. Rc7 Nd4+ 30. Ke3 Nxf5+ 31. Ke4 g6 32. Rxb7 Rfb8 33.
Rxb8+ Rxb8 34. Bc3 Rd8 35. Kf4 Kf8 36. Re1 Bc5 37. e6 Re8 38. Re4 Bd6+ 39. Kg5
Ra8 40. Bb4 Be7+ 41. Bxe7+ Kxe7 42. exf7+ Kxf7 43. Rb4 Nd6 44. Rh4 Ra5+ 45. Kg4
Rh5 46. Rxh5 gxh5+ 47. Kf4 Ke6 48. Ke3 Kd5 49. Kd3 Nc4 50. Kc3 Ne5 51. f4 Nf3
52. b3 axb3 53. f5 Nxh2 54. f6 Ke6 55. a4 Ng4 56. a5 Nxf6 57. a6 Nd5+ 58. Kxb3
h4 59. Kc4 h3 60. Kc5 h2 61. a7 Nc7 62. Kb6 h1=Q 63. Kxc7 Qa8 0-1

[Event "4NCL Division 2b"]
[Site "Hinckley Island ENG"]
[Date "2013.11.16"]
[Round "1.52"]
[White "Dineley, Richard DP"]
[Black "Drabble, Andrew"]
[Result "1-0"]
[WhiteElo "2248"]
[BlackElo "2089"]
[PlyCount "117"]
[EventDate "2013.11.16"]
[WhiteTeam "South Wales Dragons"]
[BlackTeam "Bradford DCA Knights A"]

1. e4 e6 2. d4 d5 3. Nd2 Nc6 4. Ngf3 Nf6 5. e5 Nd7 6. Be2 f6 7. exf6 Qxf6 8.
Nf1 Bd6 9. Ne3 O-O 10. O-O Nb6 11. Ng4 Qe7 12. c3 e5 13. Ngxe5 Nxe5 14. dxe5
Bxe5 15. Be3 c6 16. Nxe5 Qxe5 17. Bc5 Re8 18. Re1 Bf5 19. Qd2 Qf6 20. Bf1 Qf7
21. b3 Rad8 22. f3 Nc8 23. Rxe8+ Rxe8 24. Re1 b6 25. Rxe8+ Qxe8 26. Bf2 Qd7 27.
g4 Be6 28. Qf4 Qf7 29. Qe5 Qf6 30. Qxf6 gxf6 31. Bd4 Kf7 32. Bd3 c5 33. Be3 f5
34. g5 Ne7 35. Kf2 c4 36. Bc2 Nc6 37. bxc4 dxc4 38. Bf4 b5 39. Bd6 Bd7 40. f4
Ke6 41. Bf8 Kf7 42. Bc5 a6 43. Ke3 Be6 44. Bd1 Kg6 45. Bf3 Bd7 46. Bd5 a5 47.
a3 a4 48. Bf8 Nd8 49. Bf3 Nc6 50. h4 Kf7 51. Bc5 Kg6 52. h5+ Kg7 53. Bd5 Be8
54. Be6 Bxh5 55. Bd7 Nd8 56. Bxb5 Ne6 57. Bd4+ Kf7 58. Bxa4 Nc7 59. Be5 1-0

[Event "4NCL Division 2b"]
[Site "Hinckley Island ENG"]
[Date "2013.11.16"]
[Round "1.54"]
[White "Redmond, John P"]
[Black "Lang, Adam R"]
[Result "1/2-1/2"]
[WhiteElo "2237"]
[BlackElo "2151"]
[PlyCount "43"]
[EventDate "2013.11.16"]
[WhiteTeam "South Wales Dragons"]
[BlackTeam "Bradford DCA Knights A"]

1. Nf3 Nf6 2. c4 g6 3. Nc3 Bg7 4. e4 d6 5. d4 O-O 6. Be2 c5 7. d5 e5 8. O-O h6
9. Ne1 a6 10. Be3 Nbd7 11. Qd2 Kh7 12. Rb1 Ne8 13. Nd3 f5 14. f4 exf4 15. Nxf4
Ne5 16. exf5 Bxf5 17. Rbe1 Nc7 18. a4 Qd7 19. b3 Rae8 20. Kh1 b6 21. Nd3 h5 22.
Nxe5 1/2-1/2

[Event "4NCL Division 2b"]
[Site "Hinckley Island ENG"]
[Date "2013.11.16"]
[Round "1.55"]
[White "Jones, Steven A"]
[Black "Morris, Charles F"]
[Result "0-1"]
[WhiteElo "2054"]
[BlackElo "2156"]
[PlyCount "76"]
[EventDate "2013.11.16"]
[WhiteTeam "Bradford DCA Knights A"]
[BlackTeam "South Wales Dragons"]

1. e4 e6 2. d4 d5 3. Nc3 Bb4 4. e5 b6 5. Qg4 Bf8 6. Bg5 Qd7 7. O-O-O h6 8. Be3
Nc6 9. f4 Nge7 10. Qf3 h5 11. g3 Bb7 12. h3 O-O-O 13. g4 g6 14. Bf2 Kb8 15. Bh4
Rc8 16. Nge2 Na5 17. Ng3 hxg4 18. hxg4 c5 19. Bb5 Qc7 20. Bd3 a6 21. Bf6 Rxh1
22. Qxh1 cxd4 23. Nce2 Nec6 24. Qh7 Nb4 25. Nxd4 Bc5 26. Nge2 Bxd4 27. Nxd4 Qc5
28. a3 Nb3+ 29. Kb1 Nxd3 30. Rxd3 Nxd4 31. Rc3 Qf8 32. Rxc8+ Kxc8 33. c3 Nf3
34. f5 d4 35. fxg6 Be4+ 36. Kc1 Bxg6 37. Qh3 Be4 38. Qf1 d3 0-1

[Event "4NCL Division 2b"]
[Site "Hinckley Island ENG"]
[Date "2013.11.16"]
[Round "1.56"]
[White "James, David J"]
[Black "Molofej, Denis"]
[Result "1/2-1/2"]
[WhiteElo "2168"]
[BlackElo "2050"]
[PlyCount "79"]
[EventDate "2013.11.16"]
[WhiteTeam "South Wales Dragons"]
[BlackTeam "Bradford DCA Knights A"]

1. d4 Nf6 2. Nf3 g6 3. g3 d5 4. Bg2 Bg7 5. O-O O-O 6. c4 c6 7. b3 Bf5 8. Bb2
Nbd7 9. Nbd2 Ne4 10. Nh4 Nxd2 11. Qxd2 Be6 12. e4 dxe4 13. Bxe4 Bh3 14. Rfe1
Re8 15. Bh1 Qc7 16. Nf3 Rad8 17. Qe2 Bg4 18. Qe4 Bf5 19. Qe3 c5 20. Bc3 Bg4 21.
d5 Bxc3 22. Qxc3 Bxf3 23. Bxf3 Nb6 24. h4 h6 25. h5 g5 26. Bd1 Nd7 27. Bc2 Nf6
28. Qf3 Kg7 29. Re2 e6 30. dxe6 Rxe6 31. Rxe6 fxe6 32. Re1 Rd6 33. Rd1 Qc6 34.
Qe2 Rxd1+ 35. Qxd1 Qd7 36. Qf3 Qc6 37. Qd3 Qe8 38. Qf3 Qc6 39. Qd3 Qe8 40. Qf3
1/2-1/2

[Event "4NCL Division 2b"]
[Site "Hinckley Island ENG"]
[Date "2013.11.16"]
[Round "1.57"]
[White "Bak, Andrew"]
[Black "Smith, Jeff R"]
[Result "0-1"]
[WhiteElo "2064"]
[BlackElo "2131"]
[PlyCount "70"]
[EventDate "2013.11.16"]
[WhiteTeam "Bradford DCA Knights A"]
[BlackTeam "South Wales Dragons"]

1. e4 e6 2. d4 d5 3. Nc3 Bb4 4. e5 c5 5. a3 Bxc3+ 6. bxc3 Qc7 7. Qg4 f5 8. Qg3
cxd4 9. cxd4 Ne7 10. c3 O-O 11. Ne2 b6 12. h4 Ba6 13. Nf4 Qd7 14. Nh5 Ng6 15.
Nf6+ gxf6 16. Bh6 f4 17. Qg4 f5 18. Qg5 Qe7 19. Qxe7 Nxe7 20. Bxf8 Kxf8 21.
Bxa6 Nxa6 22. Ke2 Rc8 23. Kd3 h5 24. Rhg1 Ng6 25. g3 Kf7 26. gxf4 Nxh4 27. Rg5
Ng6 28. Rag1 Rg8 29. Ke3 h4 30. Rh5 Nb8 31. Rgg5 Nc6 32. Kd2 Na5 33. Kc2 Nc4
34. Kb3 Nd2+ 35. Kb4 a6 0-1

[Event "4NCL Division 2b"]
[Site "Hinckley Island ENG"]
[Date "2013.11.16"]
[Round "1.61"]
[White "Richardson, John R"]
[Black "Eames, Robert S"]
[Result "1-0"]
[WhiteElo "2335"]
[BlackElo "2209"]
[PlyCount "49"]
[EventDate "2013.11.16"]
[WhiteTeam "The AD's"]
[BlackTeam "Hackney"]

1. d4 Nf6 2. c4 e6 3. Nc3 Bb4 4. e3 O-O 5. Nge2 Re8 6. a3 Bf8 7. g3 d5 8. cxd5
exd5 9. Bg2 c6 10. O-O Bf5 11. f3 h5 12. e4 dxe4 13. fxe4 Bg4 14. e5 Nd5 15.
Nxd5 cxd5 16. h3 Be6 17. Nf4 Nc6 18. Be3 h4 19. Nxe6 fxe6 20. Qh5 hxg3 21. Rf4
Be7 22. Qf7+ Kh7 23. Rg4 Bf6 24. Rg6 Re7 25. Rh6# 1-0

[Event "4NCL Division 2b"]
[Site "Hinckley Island ENG"]
[Date "2013.11.16"]
[Round "1.62"]
[White "Cenal Gutierrez, Ruben"]
[Black "Wheeler, Darren P"]
[Result "1-0"]
[WhiteElo "2236"]
[BlackElo "2282"]
[PlyCount "121"]
[EventDate "2013.11.16"]
[WhiteTeam "Hackney"]
[BlackTeam "The AD's"]

1. d4 e6 2. Nf3 d5 3. Bf4 Bd6 4. Bg3 c5 5. e3 Nc6 6. c3 Nf6 7. Nbd2 Bxg3 8.
hxg3 Qd6 9. Qc2 Bd7 10. Be2 h6 11. O-O O-O 12. dxc5 Qxc5 13. e4 dxe4 14. Nxe4
Nxe4 15. Qxe4 e5 16. Bc4 Kh8 17. b4 Bf5 18. Qe2 Qd6 19. Rad1 Qf6 20. Bd5 Rfe8
21. Qe3 Bg4 22. Qe4 Bxf3 23. Qxf3 Qxf3 24. gxf3 Re7 25. Rfe1 Rc8 26. a3 f6 27.
Be4 Rec7 28. Bf5 Rf8 29. Rd3 Ne7 30. Be6 Nc6 31. Red1 Re8 32. Bf5 Kg8 33. Bg6
Rf8 34. Rd7 Rxd7 35. Rxd7 Rb8 36. Kf1 Kf8 37. Rf7+ Kg8 38. Rd7 Kf8 39. Be4 a5
40. Ke2 axb4 41. axb4 h5 42. Bd5 Nd8 43. Kd3 f5 44. Ke3 g5 45. Rh7 h4 46. gxh4
gxh4 47. f4 e4 48. Kd4 Rc8 49. b5 h3 50. c4 h2 51. Ke5 Rc7 52. Rxh2 Re7+ 53.
Kxf5 e3 54. Rh8+ Kg7 55. Rg8+ Kh7 56. fxe3 Nf7 57. Rg3 Nh6+ 58. Kf6 Rxe3 59.
Rxe3 Ng4+ 60. Ke6 Nxe3 61. c5 1-0

[Event "4NCL Division 2b"]
[Site "Hinckley Island ENG"]
[Date "2013.11.16"]
[Round "1.63"]
[White "Snape, Ian L"]
[Black "Malhotra, Tarun"]
[Result "1-0"]
[WhiteElo "2218"]
[BlackElo "1990"]
[PlyCount "69"]
[EventDate "2013.11.16"]
[WhiteTeam "The AD's"]
[BlackTeam "Hackney"]

1. e4 c5 2. Nf3 Nc6 3. d4 cxd4 4. Nxd4 Nf6 5. Nc3 e5 6. Ndb5 d6 7. Bg5 a6 8.
Na3 b5 9. Nd5 Be7 10. Bxf6 Bxf6 11. c3 Bg5 12. Nc2 O-O 13. a4 bxa4 14. Rxa4 a5
15. Bc4 Rb8 16. Ra2 Kh8 17. Nce3 Bxe3 18. Nxe3 Ne7 19. b3 f5 20. exf5 Nxf5 21.
Nd5 Nh4 22. Ne3 Bb7 23. Bd5 Bxd5 24. Qxd5 Qb6 25. O-O Qxb3 26. Rxa5 Qxc3 27.
Ra4 Ng6 28. Qxd6 Rbd8 29. Qb6 Nf4 30. Rc4 Qd2 31. h3 Rb8 32. Qc7 Qb2 33. Kh1 h6
34. Rc2 Rbc8 35. Qxc8 1-0

[Event "4NCL Division 2b"]
[Site "Hinckley Island ENG"]
[Date "2013.11.16"]
[Round "1.64"]
[White "Walker, Nicholas P"]
[Black "Besedin, Pavel"]
[Result "1-0"]
[WhiteElo "2162"]
[BlackElo "2131"]
[PlyCount "51"]
[EventDate "2013.11.16"]
[WhiteTeam "Hackney"]
[BlackTeam "The AD's"]

1. e4 e5 2. Nf3 Nf6 3. Nc3 Bb4 4. Bc4 O-O 5. O-O d6 6. Nd5 Nxd5 7. Bxd5 c6 8.
Bb3 Bg4 9. c3 Ba5 10. h3 Bh5 11. d4 Nd7 12. Qd3 Bg6 13. Bg5 Qe8 14. Nh4 Bd8 15.
Nxg6 hxg6 16. Be3 Nf6 17. Rae1 Bc7 18. dxe5 Qxe5 19. Bd4 Qh5 20. f4 Rae8 21.
Re3 Re7 22. e5 dxe5 23. fxe5 Bxe5 24. Rxe5 Rxe5 25. Bd1 Qg5 26. h4 1-0

[Event "4NCL Division 2b"]
[Site "Hinckley Island ENG"]
[Date "2013.11.16"]
[Round "1.65"]
[White "Swindells, Jonathan E"]
[Black "Ociepka, Adrian"]
[Result "1-0"]
[WhiteElo "2142"]
[BlackElo "2165"]
[PlyCount "111"]
[EventDate "2013.11.16"]
[WhiteTeam "The AD's"]
[BlackTeam "Hackney"]

1. e4 e5 2. Bc4 Nf6 3. d3 Bc5 4. Nf3 d6 5. c3 Nc6 6. Bb3 a6 7. Nbd2 Ba7 8. h3
O-O 9. Nf1 d5 10. Qe2 dxe4 11. dxe4 Nh5 12. Ng5 g6 13. g3 Qf6 14. Nf3 Na5 15.
Bg5 Qg7 16. Bc2 Be6 17. N1d2 f6 18. Be3 Qf7 19. Bxa7 Rxa7 20. b4 Nc6 21. Bb3
Rd8 22. Rd1 Raa8 23. Bxe6 Qxe6 24. Qc4 Kf7 25. Ke2 Ng7 26. Qxe6+ Nxe6 27. a4 a5
28. b5 Ne7 29. Nb3 Ke8 30. Rxd8+ Kxd8 31. Nfd2 Nc8 32. Nc4 Nb6 33. Ncxa5 Nxa4
34. Ra1 Rxa5 35. Nxa5 Nxc3+ 36. Kd3 Nxb5 37. Nxb7+ Kd7 38. Ra8 h5 39. Rg8 g5
40. Rh8 Kc6 41. Nd8+ Nxd8 42. Rxd8 Kc5 43. Rf8 Kb4 44. Rxf6 c5 45. Rc6 Na7 46.
Re6 c4+ 47. Kd2 Nb5 48. Rxe5 Nd4 49. Rd5 c3+ 50. Kd3 Nf3 51. Rd8 Ne1+ 52. Ke2
Nc2 53. e5 Kb3 54. e6 Kb2 55. e7 Nb4 56. e8=Q 1-0

[Event "4NCL Division 2b"]
[Site "Hinckley Island ENG"]
[Date "2013.11.16"]
[Round "1.66"]
[White "Bowmer, Kevin"]
[Black "Anderton, David W"]
[Result "1/2-1/2"]
[WhiteElo "2079"]
[BlackElo "2180"]
[PlyCount "190"]
[EventDate "2013.11.16"]
[WhiteTeam "Hackney"]
[BlackTeam "The AD's"]

1. e4 e6 2. d4 d5 3. Nd2 Nc6 4. Ngf3 Nf6 5. e5 Nd7 6. Be2 f6 7. exf6 Qxf6 8.
Nf1 Bd6 9. Ne3 O-O 10. O-O Qg6 11. c4 Nf6 12. c5 Be7 13. Bb5 Bd7 14. Bxc6 Bxc6
15. Ne5 Qe8 16. N3g4 Bb5 17. Re1 a5 18. a4 Ba6 19. Nxf6+ Bxf6 20. Qg4 Qe7 21.
Bd2 b6 22. b4 axb4 23. Bxb4 Bxe5 24. Rxe5 Rf6 25. g3 Qf7 26. f4 Bd3 27. Qd1 Be4
28. Qc1 Qd7 29. c6 Qe8 30. Qc3 Rf5 31. a5 bxa5 32. Rxa5 Rxa5 33. Bxa5 Rxe5 34.
dxe5 Qh5 35. Qb3 h6 36. Be1 Qe2 37. Bf2 Bd3 38. Kg2 Qf1+ 39. Kf3 Qh1+ 40. Ke3
Qe4+ 41. Kd2 Qe2+ 42. Kc3 Bb5 43. Ba7 Qd3+ 44. Kb4 Qxb3+ 45. Kxb3 Bxc6 46. Bb8
Kf7 47. Kc3 Kg6 48. Bxc7 Kf5 49. Kd4 Kg4 50. Ba5 Be8 51. Be1 Bg6 52. Ke3 Kh3
53. Bc3 Bf5 54. Kf2 Kxh2 55. Bd4 Kh3 56. Bc5 g6 57. Bd4 Kg4 58. Bc5 h5 59. Be7
d4 60. Bc5 d3 61. Be3 Be4 62. Bd2 Bf3 63. Bc1 Be2 64. Bd2 Kf5 65. Ke3 g5 66.
fxg5 Kxe5 67. Bc3+ Kf5 68. Bf6 e5 69. Be7 e4 70. Bf6 Bf3 71. Be7 Ke6 72. Bd8
Kf5 73. Be7 Kg6 74. Bd8 Bg4 75. Bc7 Bf5 76. Bf4 Kf7 77. Kd4 Ke6 78. Bd2 Bg6 79.
Ke3 Kd5 80. Ba5 Kc4 81. Be1 Kb3 82. Bd2 Kc2 83. Ba5 Kb3 84. Be1 Kc4 85. Ba5 Kd5
86. Bc3 Ke6 87. Kf4 Bh7 88. Bd2 Kd5 89. Bc1 Kd4 90. Bb2+ Kc4 91. Ke3 Kb3 92.
Bc1 Kc2 93. Bd2 Bg6 94. Be1 Kd1 95. Bb4 Kc2 1/2-1/2

[Event "4NCL Division 2b"]
[Site "Hinckley Island ENG"]
[Date "2013.11.16"]
[Round "1.67"]
[White "Bellin, Jana M"]
[Black "Tasker, Michael W"]
[Result "1-0"]
[WhiteElo "2086"]
[BlackElo "2081"]
[PlyCount "89"]
[EventDate "2013.11.16"]
[WhiteTeam "The AD's"]
[BlackTeam "Hackney"]

1. d4 Nf6 2. Nf3 c5 3. d5 e6 4. c4 b5 5. Nc3 b4 6. Nb1 d6 7. Nbd2 exd5 8. cxd5
Nxd5 9. e4 Nb6 10. Bd3 Be7 11. O-O O-O 12. Nc4 Nc6 13. Bf4 Nxc4 14. Bxc4 Bg4
15. Qa4 Qb6 16. Bd5 Rac8 17. Nd2 Nd4 18. Nc4 Qc7 19. Be3 Bf6 20. Rfe1 Bd7 21.
Qd1 Bc6 22. Bf4 Rcd8 23. Rc1 Rfe8 24. Ne3 Ne6 25. Bxe6 Rxe6 26. Rxc5 Qb7 27.
Nd5 Rde8 28. Nxf6+ Rxf6 29. Bxd6 Rfe6 30. e5 Bxg2 31. Rc7 Qa8 32. Re3 Rg6 33.
Rg3 Rxg3 34. hxg3 Bf3 35. Qd3 a5 36. b3 Bh1 37. Qf1 h6 38. Rc4 f6 39. Kh2 Bd5
40. exf6 Bxc4 41. Qxc4+ Kh8 42. f7 Rd8 43. Qf4 Rf8 44. Bxf8 Qxf8 45. Qf5 1-0

[Event "4NCL Division 2b"]
[Site "Hinckley Island ENG"]
[Date "2013.11.16"]
[Round "1.71"]
[White "Berry, Neil"]
[Black "Shaw, Peter"]
[Result "1/2-1/2"]
[WhiteElo "2254"]
[BlackElo "2161"]
[PlyCount "66"]
[EventDate "2013.11.16"]
[WhiteTeam "Barbican 4NCL Youth"]
[BlackTeam "White Rose 2"]

1. d4 d5 2. c4 e6 3. Nf3 Nf6 4. g3 dxc4 5. Bg2 Bb4+ 6. Bd2 a5 7. Qc2 b5 8. a4
c6 9. axb5 Bxd2+ 10. Qxd2 cxb5 11. Qg5 O-O 12. Qxb5 Ba6 13. Qa4 Qb6 14. Nbd2
Nd5 15. Nxc4 Bxc4 16. Qxc4 Qxb2 17. O-O Nd7 18. Rfb1 Qc3 19. Qb5 N7f6 20. e3
Qc7 21. Ne5 Rfb8 22. Qd3 Rxb1+ 23. Qxb1 g6 24. Qb3 Ra7 25. Bxd5 Nxd5 26. Qb5
Ra8 27. Nc4 Nc3 28. Qc5 Qxc5 29. dxc5 a4 30. Nb6 Ra5 31. c6 Rc5 32. Nxa4 Nxa4
33. Rxa4 Rxc6 1/2-1/2

[Event "4NCL Division 2b"]
[Site "Hinckley Island ENG"]
[Date "2013.11.16"]
[Round "1.72"]
[White "Burnett, Jim"]
[Black "Navarro Cia, Miguel"]
[Result "1/2-1/2"]
[WhiteElo "2124"]
[BlackElo "2314"]
[PlyCount "90"]
[EventDate "2013.11.16"]
[WhiteTeam "White Rose 2"]
[BlackTeam "Barbican 4NCL Youth"]

1. d4 Nf6 2. c4 g6 3. g3 Bg7 4. Bg2 d5 5. Nf3 dxc4 6. O-O O-O 7. Na3 Nc6 8.
Nxc4 Be6 9. b3 Bd5 10. Bb2 a5 11. e3 a4 12. Qe2 Ra6 13. Rfd1 Qa8 14. Bf1 Ne4
15. Ne1 a3 16. Nxa3 Rxa3 17. Bxa3 Qxa3 18. Qc2 Nd6 19. Bg2 Bxg2 20. Kxg2 Rc8
21. Qe2 Nb4 22. e4 e6 23. e5 Nf5 24. Nc2 Qb2 25. Rd2 Nxc2 26. Rad1 Ncxd4 27.
Rxb2 Nxe2 28. Rxe2 Kf8 29. f4 Ke8 30. Kf3 h5 31. h3 Ne7 32. Ke4 Nd5 33. Rc2 Bf8
34. g4 hxg4 35. hxg4 c6 36. Rh1 Ra8 37. Rhh2 Rd8 38. Rc4 c5 39. Rh8 b6 40. a4
Ra8 41. Rc1 Rc8 42. f5 gxf5+ 43. gxf5 Ne7 44. f6 Ng6 45. Rhh1 Kd7 1/2-1/2

[Event "4NCL Division 2b"]
[Site "Hinckley Island ENG"]
[Date "2013.11.16"]
[Round "1.73"]
[White "Sands, David A"]
[Black "Lewyk, Ihor"]
[Result "1/2-1/2"]
[WhiteElo "2243"]
[BlackElo "2070"]
[PlyCount "56"]
[EventDate "2013.11.16"]
[WhiteTeam "Barbican 4NCL Youth"]
[BlackTeam "White Rose 2"]

1. d4 Nf6 2. c4 c5 3. d5 e5 4. Nc3 d6 5. e4 Be7 6. g3 O-O 7. Bg2 Ne8 8. Nge2 g6
9. O-O f5 10. f4 Nd7 11. Be3 Ndf6 12. Kh1 Rb8 13. Qd2 b6 14. Rae1 fxe4 15. Nxe4
Nxe4 16. Bxe4 Bh3 17. Bg2 Bxg2+ 18. Kxg2 Ng7 19. fxe5 Rxf1 20. Rxf1 dxe5 21.
Nc3 Nf5 22. b3 Nd6 23. Qd3 Qd7 24. Ne4 Rf8 25. Rxf8+ Kxf8 26. Nxd6 Bxd6 27. Bf2
Qf5 28. Qe2 h5 1/2-1/2

[Event "4NCL Division 2b"]
[Site "Hinckley Island ENG"]
[Date "2013.11.16"]
[Round "1.76"]
[White "Weller, Pierre"]
[Black "Brett, Andrew R"]
[Result "1-0"]
[WhiteElo "2129"]
[BlackElo "2142"]
[PlyCount "53"]
[EventDate "2013.11.16"]
[WhiteTeam "White Rose 2"]
[BlackTeam "Barbican 4NCL Youth"]

1. d4 Nf6 2. c4 g6 3. Nc3 d5 4. Nf3 Bg7 5. Qb3 dxc4 6. Qxc4 O-O 7. e4 c6 8. e5
Nd5 9. Nxd5 cxd5 10. Qb3 Nc6 11. Be3 f6 12. exf6 exf6 13. Be2 Na5 14. Qa3 Nc4
15. Bxc4 dxc4 16. O-O Re8 17. Rac1 Be6 18. d5 Qxd5 19. Rfd1 Qh5 20. Nd4 Bf8 21.
Qa4 Bf7 22. Nb5 Re5 23. Nd6 b5 24. Qa5 Bd5 25. Qc7 Be6 26. Ne4 Bg7 27. Rd8+ 1-0

[Event "4NCL Division 2b"]
[Site "Hinckley Island ENG"]
[Date "2013.11.16"]
[Round "1.77"]
[White "Stewart, Ashley"]
[Black "Jones, Rupert W"]
[Result "1-0"]
[WhiteElo "2031"]
[BlackElo "1910"]
[PlyCount "73"]
[EventDate "2013.11.16"]
[WhiteTeam "Barbican 4NCL Youth"]
[BlackTeam "White Rose 2"]

1. d4 Nf6 2. Nf3 d5 3. c4 c6 4. e3 e6 5. b3 Bb4+ 6. Bd2 Be7 7. Nc3 Nbd7 8. Bd3
a6 9. O-O b5 10. Qe2 b4 11. Na4 dxc4 12. Bxc4 Ne4 13. Rfd1 Qa5 14. Be1 Qh5 15.
Nd2 Qxe2 16. Bxe2 Nxd2 17. Rxd2 Bb7 18. Rc1 O-O 19. Rdc2 Rac8 20. Bf3 Rc7 21.
Bd2 Rfc8 22. g3 a5 23. Bg2 Kf8 24. a3 Ke8 25. axb4 axb4 26. Rc4 c5 27. Bxb7
Rxb7 28. Kf1 Rb5 29. Ke2 Bd6 30. dxc5 Bxc5 31. Bxb4 Rxb4 32. Rxb4 Bxb4 33.
Rxc8+ Ke7 34. Rc4 Bd6 35. e4 Ne5 36. Rc1 Kf6 37. f4 1-0

[Event "4NCL Division 2b"]
[Site "Hinckley Island ENG"]
[Date "2013.11.16"]
[Round "1.78"]
[White "Kirby, Peter J"]
[Black "Verma, Aditya"]
[Result "1/2-1/2"]
[WhiteElo "1982"]
[BlackElo "1628"]
[PlyCount "77"]
[EventDate "2013.11.16"]
[WhiteTeam "White Rose 2"]
[BlackTeam "Barbican 4NCL Youth"]

1. e4 c5 2. Nf3 d6 3. Bb5+ Bd7 4. Bxd7+ Nxd7 5. b3 Ngf6 6. Qe2 e6 7. Bb2 Be7 8.
c4 e5 9. Nc3 O-O 10. O-O Nb6 11. a4 a5 12. Ne1 Nfd7 13. Nc2 Nb8 14. Ne3 Nc6 15.
Ncd5 Bg5 16. Nf5 Nxd5 17. cxd5 Ne7 18. Nxe7+ Qxe7 19. Bc3 f5 20. f3 f4 21. Qb5
Qc7 22. Rac1 Bd8 23. d4 cxd4 24. Bxd4 Qe7 25. Bf2 g5 26. Rc3 h5 27. Rfc1 g4 28.
Rc8 Rxc8 29. Rxc8 g3 30. hxg3 fxg3 31. Be3 Qh4 32. Qd7 Qh2+ 33. Kf1 Qh1+ 34.
Bg1 Rxf3+ 35. gxf3 Qxf3+ 36. Ke1 Qxe4+ 37. Kf1 Qf3+ 38. Ke1 Qe4+ 39. Kf1
1/2-1/2

[Event "4NCL Division 2b"]
[Site "Hinckley Island ENG"]
[Date "2013.11.16"]
[Round "1.81"]
[White "Holland, James P"]
[Black "Padilla Cabero, Pablo"]
[Result "1-0"]
[WhiteElo "2252"]
[BlackElo "2144"]
[PlyCount "92"]
[EventDate "2013.11.16"]
[WhiteTeam "BCM Dragons (1)"]
[BlackTeam "Brown Jack"]

1. Nf3 d6 2. d4 f5 3. g3 g6 4. Bg2 Nh6 5. O-O Bg7 6. c4 O-O 7. Nc3 c6 8. Qc2
Na6 9. a3 Nf7 10. Rd1 Qe8 11. d5 e5 12. dxe6 Bxe6 13. b3 Nc5 14. Nd4 Bd7 15.
Bb2 Rd8 16. e3 Qe7 17. b4 Ne6 18. Nce2 Ne5 19. h3 Rfe8 20. f4 Nf7 21. Re1 Nc7
22. Nc3 Qf8 23. Rad1 Ne6 24. Nb3 Bc8 25. a4 Nh6 26. a5 Nc7 27. b5 c5 28. b6
axb6 29. axb6 Na6 30. Nb5 Nb4 31. Qc1 Bxb2 32. Qxb2 Re4 33. Na5 Qe7 34. Qd2 Nf7
35. Nc3 Re6 36. Rb1 d5 37. Nxd5 Rxd5 38. cxd5 Rxb6 39. e4 fxe4 40. Rxe4 Qd8 41.
Rbe1 Nd6 42. Re7 Ra6 43. Qc3 Qf8 44. Nc4 Nb5 45. Qe3 Nc2 46. Qe4 Nd6 1-0

[Event "4NCL Division 2b"]
[Site "Hinckley Island ENG"]
[Date "2013.11.16"]
[Round "1.82"]
[White "Mordue, A Tyson"]
[Black "Cooksey, Paul S"]
[Result "0-1"]
[WhiteElo "2208"]
[BlackElo "2306"]
[PlyCount "86"]
[EventDate "2013.11.16"]
[WhiteTeam "Brown Jack"]
[BlackTeam "BCM Dragons (1)"]

1. e4 d6 2. d4 Nf6 3. Nc3 e5 4. Nf3 Nbd7 5. Be2 c6 6. O-O b5 7. a3 Be7 8. Re1
O-O 9. Bf1 Bb7 10. Bg5 Qc7 11. Qd2 Rfe8 12. Rad1 Bf8 13. dxe5 dxe5 14. h3 h6
15. Be3 Nc5 16. Bd3 a5 17. Bxc5 Bxc5 18. Ne2 Bf8 19. Ng3 g6 20. Qe3 Bc8 21. Bf1
Qa7 22. Qxa7 Rxa7 23. c4 b4 24. a4 Nd7 25. b3 Nc5 26. Rb1 Rd7 27. Be2 Kg7 28.
Red1 f5 29. exf5 Rxd1+ 30. Bxd1 Bxf5 31. Nxf5+ gxf5 32. Bc2 Kf6 33. Rd1 Ne6 34.
Rd7 Bc5 35. Rh7 e4 36. Ne1 Rd8 37. g4 Rd2 38. Rxh6+ Ke5 39. gxf5 Bxf2+ 40. Kf1
Nd4 41. f6 Nf5 42. Nf3+ exf3 43. Bxf5 Be3 0-1

[Event "4NCL Division 2b"]
[Site "Hinckley Island ENG"]
[Date "2013.11.16"]
[Round "1.83"]
[White "Hansen, Hans-Peter"]
[Black "Richmond, Peter A"]
[Result "1/2-1/2"]
[WhiteElo "2238"]
[BlackElo "2202"]
[PlyCount "21"]
[EventDate "2013.11.16"]
[WhiteTeam "BCM Dragons (1)"]
[BlackTeam "Brown Jack"]

1. c4 c6 2. g3 d5 3. Nf3 Nf6 4. Bg2 g6 5. d4 Bg7 6. Nc3 O-O 7. Qb3 dxc4 8. Qxc4
Be6 9. Qa4 Na6 10. O-O Qb6 11. Rd1 1/2-1/2

[Event "4NCL Division 2b"]
[Site "Hinckley Island ENG"]
[Date "2013.11.16"]
[Round "1.84"]
[White "Martin, Lewis"]
[Black "Thompson, Ian D"]
[Result "1-0"]
[WhiteElo "2027"]
[BlackElo "2234"]
[PlyCount "123"]
[EventDate "2013.11.16"]
[WhiteTeam "Brown Jack"]
[BlackTeam "BCM Dragons (1)"]

1. e4 e6 2. d4 d5 3. exd5 exd5 4. Bd3 c5 5. dxc5 Bxc5 6. Nf3 Nf6 7. O-O O-O 8.
Bg5 Be6 9. Nc3 Nbd7 10. Qd2 a6 11. Qf4 b5 12. Ne2 Qb6 13. Ned4 Rfe8 14. Rae1
Bf8 15. Re3 h6 16. Bxf6 Nxf6 17. Rfe1 Bc5 18. c3 b4 19. Nh4 bxc3 20. bxc3 Ng4
21. Rxe6 fxe6 22. Qxg4 e5 23. Qg6 e4 24. Qxb6 Bxb6 25. Bc2 Rac8 26. Bb3 Rxc3
27. Bxd5+ Kh7 28. Ne6 e3 29. fxe3 Bxe3+ 30. Kf1 Rb8 31. Nf5 Ba7 32. Ne7 g6 33.
Nc6 Rb7 34. Nxa7 Rxa7 35. Ke2 a5 36. Kd2 Rc8 37. Kd3 a4 38. Rb1 a3 39. Rb7+
Rxb7 40. Bxb7 Rc1 41. Nd4 Rc5 42. Be4 Re5 43. Nc2 Kg7 44. Kd4 Ra5 45. Kc3 Kf6
46. Bf3 h5 47. Kb4 Ra6 48. Nxa3 Kf5 49. Bd5 g5 50. Nb5 g4 51. a4 Ke5 52. Bc4 g3
53. hxg3 Rg6 54. a5 Rxg3 55. a6 Rg6 56. a7 Ra6 57. Kc5 Kf4 58. Bd5 h4 59. a8=Q
Rxa8 60. Bxa8 h3 61. gxh3 Kg3 62. Bg2 1-0

[Event "4NCL Division 2b"]
[Site "Hinckley Island ENG"]
[Date "2013.11.16"]
[Round "1.85"]
[White "Frostick, Clive A"]
[Black "Girdlestone, Paul C"]
[Result "0-1"]
[WhiteElo "2178"]
[BlackElo "2126"]
[PlyCount "36"]
[EventDate "2013.11.16"]
[WhiteTeam "BCM Dragons (1)"]
[BlackTeam "Brown Jack"]

1. e4 e5 2. Nf3 Nc6 3. Bb5 g6 4. d4 exd4 5. Bg5 Be7 6. Bxe7 Qxe7 7. O-O Qc5 8.
Bxc6 bxc6 9. Nxd4 Ba6 10. Re1 Nf6 11. Nc3 O-O 12. Qd2 Rfe8 13. Rad1 d6 14. Na4
Qh5 15. Qf4 Nxe4 16. g4 Ng5 17. Kh1 Nh3 18. Qg3 Qxg4 0-1

[Event "4NCL Division 2b"]
[Site "Hinckley Island ENG"]
[Date "2013.11.16"]
[Round "1.86"]
[White "Bourne, Johnathan D"]
[Black "Tavares, Shawn P"]
[Result "1-0"]
[WhiteElo "2009"]
[BlackElo "2143"]
[PlyCount "71"]
[EventDate "2013.11.16"]
[WhiteTeam "Brown Jack"]
[BlackTeam "BCM Dragons (1)"]

1. e4 e6 2. d4 d5 3. Nc3 Nf6 4. Bg5 Be7 5. e5 Nfd7 6. h4 h6 7. Bxe7 Qxe7 8. Qg4
O-O 9. f4 f5 10. Qg6 Rf7 11. Nf3 Nf8 12. Qh5 Qb4 13. O-O-O Bd7 14. Ne1 c5 15.
a3 Qb6 16. dxc5 Qxc5 17. Qf3 Bc6 18. Nd3 Qb6 19. Qf2 Nbd7 20. Qxb6 Nxb6 21. Nc5
Rc7 22. Nb3 Nc4 23. Rh3 Rac8 24. Nd4 Be8 25. Nxf5 Bh5 26. Rd4 Bg4 27. Nd6 Bxh3
28. Nxc8 Rxc8 29. gxh3 Ne3 30. Bd3 Nd7 31. Kd2 Ng2 32. Be2 Rf8 33. Bg4 Rxf4 34.
Bxe6+ Kf8 35. Rxf4+ Nxf4 36. Bxd7 1-0